000 00339nam a22001577a 4500
003 SGT
020 _a978-239-2031-3
082 _a615.190, P12A
100 _aAGARWAL, GAURAV
245 _aPHARMACEUTICAL TECHNOLOGY -II
250 _a1SH
260 _aDELHI
_bCBS
_c2012
300 _a402
650 _aPHARMACEUTICAL
942 _2ddc
_cBK
_01
999 _c8154
_d8154